| 000 | 00476ntaaa2200181 4500 | ||
|---|---|---|---|
| 003 | 01 | ||
| 005 | 20251027201442.0 | ||
| 008 | 0714s1973 ag 01 | ||
| 040 |
_aAR-BaBN _bspa _cAR-BaBN _eaacr _dRIC |
||
| 082 | _a226.2000 W26 | ||
| 100 |
_aWareick, W. A. _913154 |
||
| 245 | _aGathered notes on St. Matthew's Gospel - (Chapters 15-28) | ||
| 250 |
_a1 ed. : _bW. A. Warwick, _cn.f. |
||
| 300 | _a65-118 p. | ||
| 650 | _aBiblia-N.T.-Mateo | ||
| 650 |
_aMateo _94387 |
||
| 942 | _cBK | ||
| 999 |
_c9043 _d9043 |
||